000 00900nam a22002417a 4500
005 20180806120003.0
010 _aENG-123814
020 _a9788192234953
_c300.00
035 _aEN-107346
037 _bDBAD/PUB
082 _a307.2095452
100 _aFernandes, Walter
245 _aProgress: at whose cost? :
_cby Walter Fernandes; Shanti Chetri; Satyen Lama [and] Sherry Joseph
_bdevelopmet-induced displacement in west bengal 1947-2000 /
260 _aGuwahati (Assam)
_bNorth Eastern Social Research Centre
_c2012
270 _a110 Kharghuli Road, 1st Floor, Guwahati,
_bGuwahati (Assam)
_e781004
300 _a593p.
_c22cm.(pbk)
490 _aNESRC Displacement Studies Series No. 2
500 _aIt includes References, Appendix and Index
700 _aChetri, Shanti
700 _aLama, Satyen
700 _aJoseph, Sherry
942 _2ddc
_cEN
_h307.2095452
_mFER
999 _c155420
_d155420